000
00285nam a22001337a 4500
008
221031b ||||| |||| 00| 0 eng d
041
_a
eng
080
_a
32
082
_a
32HEI
100
_a
19
101
_a
SHKP
245
_a
TRADITION IN SCIENCE
_c
HEISENBERG W
942
_2
udc
_c
BK
999
_c
58704
_d
58704